Plant taxonomy (رقم التسجيلة. 75141)
[ عرض عادي ]
| 000 -الفاتح | |
|---|---|
| حقل البيانات ثابتة الطول | 00591nam a2200205I 4500 |
| 003 - محدد رقم الضبط | |
| رقم الضبط | OSt |
| 005 - وقت وتاريخ اخر تعامل مع التسجيلة | |
| رقم الضبط | 20180923144737.0 |
| 008 - عناصر البيانات ثابتة الطول - معلومات عامة | |
| حقل البيانات ثابتة الطول | 750603| 2016nu |||||||eng c |
| 020 ## - الرقم الدولى المعيارى للكتب | |
| الرقم الدولى المعيارى للكتاب | 9781682862704 |
| 040 ## - مصدر الفهرسة | |
| وكالة الفهرسة الأصلية | Univ of Cincinnati Lib |
| وكالة النسخ | CIN |
| وكالة التعديل | CIN |
| لغة الفهرسة | eng |
| 050 ## - رقم طلب مكتبة الكونجرس | |
| رقم التصنيف | QK95 |
| رقم المادة | .C6 |
| 082 ## - رقم تصنيف ديوى العشرى | |
| رقم التصنيف | 580.12 |
| رقم الطبعة | 21 |
| رقم المادة | BAP |
| 100 ## - المدخل الرئيسى - إسم شخصى | |
| الإسم الشخصى | Balfour, Austin |
| 9 (RLIN) | 65014 |
| 245 10 - بيان العنوان | |
| العنوان | Plant taxonomy |
| بيان المسئوليه,etc | Austin Balfour |
| 260 0# - PUBLICATION, DISTRIBUTION, ETC. (IMPRINT) | |
| مكان الناشر او الموزع | New York : |
| تاريخ النشر أو التوزيع | Syrawood : |
| -- | 2016 |
| 300 ## - الوصف المادى | |
| التعداد | xiv, 258 p. |
| تفاصيل ماديه اخرى للوعاء | illus. |
| أبعاد الوعاء | 28 cm |
| 504 ## - تبصرة ببليوجرافية | |
| تبصرة ببليوجرافية,الخ | Includes bibliographical references |
| 650 #0 - المدخل الاضافى بالموضوع-مصطلح موضوعى | |
| مصطلح موضوعي أو اسم جغرافي كعنصر مدخل | Botany |
| التقسيم الفرعي العام | Classification |
| 9 (RLIN) | 65015 |
| 942 ## - عناصر المدخل الإضافي( كوها) | |
| Koha [default] item type | كتاب |
| حالة الفقد | نموذج السعر الفعال | حالة تلف | ليس للاعارة | رقم الطلب | تاريخ الاكتساب | الموقع الحالي | الباركود | الفرع الرئيسي | Date last seen | نوع المادة فى نظام كوها | مصدر التصنيف او خطة الترفيف | Total Checkouts |
|---|---|---|---|---|---|---|---|---|---|---|---|---|
| 2018-09-21 | 580.12 BAP | 2018-09-21 | المكتبة المركزية بالمجمعة (CL) | 00751265 | المكتبة المركزية بالمجمعة (CL) | 2018-09-21 | كتاب | Dewey Decimal Classification | ||||
| 2018-09-21 | 580.12 BAP | 2018-09-21 | المكتبة المركزية بالمجمعة (CL) | 00751266 | المكتبة المركزية بالمجمعة (CL) | 2018-09-21 | كتاب | Dewey Decimal Classification | ||||
| 2018-09-21 | 580.12 BAP | 2018-09-21 | المكتبة المركزية بالمجمعة (CL) | 00751267 | المكتبة المركزية بالمجمعة (CL) | 2018-09-21 | كتاب | Dewey Decimal Classification | ||||
| 2018-09-21 | 580.12 BAP | 2018-09-21 | مكتبة مجمع الطالبات بالمجمعة (EMF) | 00751270 | مكتبة مجمع الطالبات بالمجمعة (EMF) | 2018-09-21 | كتاب | Dewey Decimal Classification | ||||
| 2018-09-21 | 580.12 BAP | 2018-09-21 | مكتبة مجمع الطالبات بالمجمعة (EMF) | 00751271 | مكتبة مجمع الطالبات بالمجمعة (EMF) | 2018-09-21 | كتاب | Dewey Decimal Classification | ||||
| 2018-09-21 | 580.12 BAP | 2018-09-21 | مكتبة مجمع الكليات بالزلفى - طلاب (SZM) | 00751268 | مكتبة مجمع الكليات بالزلفى - طلاب (SZM) | 2018-09-21 | كتاب | Dewey Decimal Classification | ||||
| 2018-09-21 | 580.12 BAP | 2018-09-21 | مكتبة مجمع الكليات بالزلفى - طلاب (SZM) | 00751269 | مكتبة مجمع الكليات بالزلفى - طلاب (SZM) | 2018-09-21 | كتاب | Dewey Decimal Classification |
